00339nam a2200109Ia 4500008004000000082001500040100002400055245007300079260004700152300000800199650002200207210210b1980 xxu||||| |||| 00| 0 eng d a377.1 MORT aMORISSETTE (Herve). aTeachers of the faithpedagogical guidelines for religious education. aBangalore.bThe Holy Cross Fathers.,c1980 a350 aValue Education